|
|
|
|
| LEADER |
01410nam a2200241 a 4500 |
| 001 |
GR-MES2628 |
| 008 |
991111s1994 gr 000 0 gre|c |
| 020 |
|
|
|a 9603310476
|
| 040 |
|
|
|a GrPaTEI
|b gre
|c GR-PaULI
|
| 130 |
0 |
|
|a Informationstechnik : Hardware und Software elektronischer Systeme.
|l Ελληνικά
|
| 245 |
1 |
0 |
|a Τεχνολογία πληροφορικής :
|b υλικό (hardware) & λογισμικό (software) ηλεκτρονικών συστημάτων /
|c συγγραφείς Bernhard Grim ... [κ.ά.] ; απόδοση στην ελληνική γλώσσα Λεωνίδας Φορόπουλος.
|
| 260 |
|
|
|a Αθήνα :
|b Ευρωπαϊκές Τεχνολογικές Εκδόσεις,
|c c1994.
|
| 300 |
|
|
|a 430 σ. :
|b εικ. ;
|c 23 εκ.
|
| 490 |
0 |
|
|a Βιβλιοθήκη πληροφορικής
|
| 500 |
|
|
|a Μετάφραση του: Informationstechnik : Hardware und Software elektronischer Systeme.
|
| 650 |
|
0 |
|a Computer science.
|
| 650 |
|
4 |
|a Πληροφορική.
|
| 700 |
1 |
|
|a Grim, Bernhard
|e συγγραφέας.
|
| 700 |
1 |
|
|a Φορόπουλος, Λεωνίδας
|e μεταφραστής.
|
| 942 |
|
|
|2 ddc
|
| 952 |
|
|
|0 0
|1 0
|2 ddc
|4 0
|6 004_000000000000000_BER
|7 0
|9 267041
|a MSLG
|b MSLG
|c BSC
|d 2021-01-17
|e 24
|f 0
|g 0.00
|l 0
|o 004 BER
|p 2420000007084
|r 2021-01-17 00:00:00
|t 1
|w 2021-01-17
|y BK15
|x 19991111 0 1
|x GrPaTEI
|
| 971 |
|
|
|a .b25736735
|b 15-04-20
|c 13-09-16
|
| 999 |
|
|
|c 153702
|d 153702
|